000 00850nam0a22002651 4500
001 RU\INFOCOMM_322\NLR\5000213797
005 20250613111846.0
035 _a(NLR Aleph) 009598055
090 _a9292880
_c9292880
100 _a20130306d1980 |||y0rusy50 ca
101 1 _aeng
102 _aRU
105 _ay z |||||
200 1 _aˆThe ‰fox and the quail
_eTabasaran folk tales
_fRetold by G. Naumenko
_gTransl. by Fainna Solasko
_gIll. by R. Khalikov
210 _aM.
_cMalysh
_dˆCop.‰1980
215 _a[24] с., цв. ил.
_cцв. ил.
_d28 см
300 _aНа обл. сост. не указан
620 _aМосква
686 _aДл215
_2rubbk
700 1 _aNaumenko
_bG. M.
_gGeorgij Mankovič
801 1 _aRU
_bInfocomm
_c20130306
801 0 _aRU
_bINFOCOMM
_gPSBO
852 _aNLR
_jДл01 Д-8/1527
942 _cBOOK
980 _aNB